000 00515cab a2200193 4500
001 X241
008 090401t1992 xxu||||| |||| 00| 0 eng d
035 _a(Sirsi) u97679
041 _aeng
245 _aConstitutional review committee is appointed
260 _c1992
350 _a0
490 _aCSM (Chartered Surveyor Monthly)
_v2(3) November 1992, 9(1)
650 _aCONSTITUTION
650 _aRICS
690 _aMANAGEMENT-BUSINESS MANAGEMENT-PROFESSIONAL PRACTICE
942 _n0
948 _c04/03/1997
999 _c59639
_d59639